Strategic Management: Strategists at Work (Record no. 43376)

MARC details
000 -LEADER
fixed length control field 00531nam a22001937a 4500
005 - DATE AND TIME OF LATEST TRANSACTION
control field 20250324172215.0
008 - FIXED-LENGTH DATA ELEMENTS--GENERAL INFORMATION
fixed length control field 250324b |||||||| |||| 00| 0 eng d
020 ## - INTERNATIONAL STANDARD BOOK NUMBER
International Standard Book Number 9781350347588
041 ## - LANGUAGE CODE
Language code of text/sound track or separate title Eng.
082 ## - DEWEY DECIMAL CLASSIFICATION NUMBER
Classification number 658.4012 MAC
100 ## - MAIN ENTRY--PERSONAL NAME
Author MacIntosh, Robert
245 ## - TITLE STATEMENT
Title Strategic Management: Strategists at Work
250 ## - EDITION STATEMENT
Edition statement 2nd
260 ## - PUBLICATION, DISTRIBUTION, ETC.
Place New York
Publisher Bloomsbury
Publication Year 2023
300 ## - PHYSICAL DESCRIPTION
Extent 248;. P. 24 cm
650 ## - SUBJECT ADDED ENTRY--TOPICAL TERM
Subject Strategic Planning; Business Planning
700 ## - ADDED ENTRY--PERSONAL NAME
Co-Author MacLean, Donald and Robinson, Craig
942 ## - ADDED ENTRY ELEMENTS (KOHA)
Koha item type Books
Holdings
Withdrawn status Lost status Source of classification or shelving scheme Damaged status Not for loan Home library Current library Shelving location Accession Date Vendor Price Bill number Full call number Barcode No Date last seen Discount Bill Date Koha item type Suggested By
    Dewey Decimal Classification     IMTN IMTN Rack 28-B 03/18/2025 Raghav Books Private Limited 4896.09 2374 658.4012 MAC 33667 03/24/2025 33 02/14/2025 Books Dr. Rajnandan Patnaik
Designed & Maintained by: LRC IMT Nagpur Contact: lrc@imtnag.ac.in© 2024. All Rights Reserved.